Revised version (Record no. 79049)
[ view plain ]
| 000 -LEADER | |
|---|---|
| fixed length control field | 01292cab a22002175a 4500 |
| 001 - CONTROL NUMBER | |
| control field | L139536 |
| 008 - FIXED-LENGTH DATA ELEMENTS--GENERAL INFORMATION | |
| fixed length control field | 070730e20070728xxk f 000 0 eng d |
| 035 ## - SYSTEM CONTROL NUMBER | |
| System control number | (Sirsi) u139536 |
| 041 0# - LANGUAGE CODE | |
| Language code of text/sound track or separate title | eng |
| 100 1# - MAIN ENTRY--PERSONAL NAME | |
| Personal name | Williams, Peter J G |
| 245 00 - TITLE STATEMENT | |
| Title | Revised version |
| 260 ## - PUBLICATION, DISTRIBUTION, ETC. | |
| Date of publication, distribution, etc. | 2007 |
| 490 ## - SERIES STATEMENT | |
| Series statement | Estates Gazette |
| Volume/sequential designation | (0730) 28 July 2007, 128-129(2) |
| 520 ## - SUMMARY, ETC. | |
| Summary, etc. | Considers the principal changes to disability legislation introduced by the Disability Discrimination Act 2005. Public sector bodies now have a duty to promote disability equality. This may include some private companies when contracted to perform public functions. Landlords and managers may now be required to provide auxiliary aids or services to enable a disabled person to rent those circumstances. Disabled tenants can more easily obtain permission to alter their houses, if their landlord unreasonably withholds consent. The framework also applies to clubs and transport services. The definition of a disability has been extended to include cancer, MS and HIV. |
| 590 ## - LOCAL NOTE (RLIN) | |
| Local note | KA |
| 650 24 - SUBJECT ADDED ENTRY--TOPICAL TERM | |
| Topical term or geographic name entry element | DISABILITY DISCRIMINATION ACT 1995 |
| 650 24 - SUBJECT ADDED ENTRY--TOPICAL TERM | |
| Topical term or geographic name entry element | DISABILITY DISCRIMINATION ACT 2005 |
| 651 #4 - SUBJECT ADDED ENTRY--GEOGRAPHIC NAME | |
| Geographic name | United Kingdom |
| Chronological subdivision | |
| 690 ## - LOCAL SUBJECT ADDED ENTRY--TOPICAL TERM (OCLC, RLIN) | |
| Topical term or geographic name as entry element | MANAGEMENT-BUSINESS MANAGEMENT-DISCRIMINATION-DISABILITY DISCRIMINATION-ACCESSIBILITY |
| 942 ## - ADDED ENTRY ELEMENTS (KOHA) | |
| Suppress in OPAC | 0 |
| Withdrawn status | Lost status | Source of classification or shelving scheme | Damaged status | Not for loan | Home library | Current library | Shelving location | Date acquired | Total Checkouts | Full call number | Barcode | Date last seen | Copy number | Price effective from | Koha item type |
|---|---|---|---|---|---|---|---|---|---|---|---|---|---|---|---|
| Dewey Decimal Classification | London | London | Journal article | 30/07/2007 | L139536 | 139536-1001 | 06/08/2019 | 1 | 06/08/2019 | Journal article |